| 000 | 00576nam a2200193Ia 4500 | ||
|---|---|---|---|
| 005 | 20250508164832.0 | ||
| 008 | 008 250505s9999 xx 000 0 hin d | ||
| 037 | _aDissertations | ||
| 040 |
_aFEDL _beng _cFEDL |
||
| 041 |
_ahin _2eng |
||
| 084 |
_a370.7, DIX/DI _qFEDL |
||
| 100 |
_aDixit Vandana _9779255 |
||
| 245 | 0 | _aStudy of the place of adolescence education in teacher education programme | |
| 260 | _c2008 | ||
| 300 | _a190p. | ||
| 546 | _aM.Phil Dissertation, (Delhi University) | ||
| 942 |
_cDIS _h370.7, DIX/DI |
||
| 999 |
_c1391482 _d1391482 |
||